Study on the culture of indigenous species with emphasis on catlocarpio siamensis, ការសិក្សាលើការចិញ្ចឹមប្រភេទត្រីក្នុងស្រុកដោយសង្កត់ធ្ងន់ទៅលើត្រីគល់រាំង (Record no. 3691)

000 -LEADER
fixed length control field 00655nam a22001577a 4500
003 - CONTROL NUMBER IDENTIFIER
control field OSt
005 - DATE AND TIME OF LATEST TRANSACTION
control field 20151120161325.0
008 - FIXED-LENGTH DATA ELEMENTS--GENERAL INFORMATION
fixed length control field 151120b xxu||||| |||| 00| 0 eng d
040 ## - CATALOGING SOURCE
Transcribing agency RUA
082 ## - DEWEY DECIMAL CLASSIFICATION NUMBER
Classification number FIS PRO 1996 B164 Or.1
100 ## - MAIN ENTRY--PERSONAL NAME
9 (RLIN) 3970
Personal name PROUM, KIM HOR.
245 ## - TITLE STATEMENT
Title Study on the culture of indigenous species with emphasis on catlocarpio siamensis, ការសិក្សាលើការចិញ្ចឹមប្រភេទត្រីក្នុងស្រុកដោយសង្កត់ធ្ងន់ទៅលើត្រីគល់រាំង
260 ## - PUBLICATION, DISTRIBUTION, ETC. (IMPRINT)
Place of publication, distribution, etc. Phnom Penh
Name of publisher, distributor, etc. RUA
Date of publication, distribution, etc. 1996
300 ## - PHYSICAL DESCRIPTION
Extent 90p.
Other physical details ill.
Dimensions 29cm.
942 ## - ADDED ENTRY ELEMENTS (KOHA)
Source of classification or shelving scheme
Koha item type FIS
Holdings
Price effective from Date last seen Permanent Location Not for loan Date acquired Source of classification or shelving scheme Koha item type Lost status Withdrawn status Date last checked out Total Checkouts Shelving location Damaged status Barcode Current Location Full call number
2015-11-202016-09-16Library Block B 2015-11-20 FIS  2016-09-051B164 RUA011233Library Block BFIS PRO 1996 B164 Or.1
2015-11-202015-11-20Library Block B 2015-11-20 FIS    B164 RUA025656Library Block BFIS PRO 1996 B164 Or.2
2015-11-202015-11-20Library Block B 2015-11-20 FIS    B164 RUA025865Library Block BFIS PRO 1996 B164 Or.3
2015-11-202015-11-20Library Block B 2015-11-20 FIS    B164 RUA025937Library Block BFIS PRO 1996 B164 Or.4
2015-11-202015-11-20Library Block B 2015-11-20 FIS    B164 RUA011546Library Block BFIS PRO 1996 B164 Or.5
2015-11-202015-11-20Library Block B 2015-11-20 FIS    B164 RUA025866Library Block BFIS PRO 1996 B164 Or.6
2015-11-202015-11-20Library Block B 2015-11-20 FIS    B164 RUA025728Library Block BFIS PRO 1996 B164 Or.7
2015-11-202015-11-20Library Block B 2015-11-20 FIS    B164 RUA025512Library Block BFIS PRO 1996 B164 Or.8
2015-11-202015-11-20Library Block B 2015-11-20 FIS    B164 RUA025578Library Block BFIS PRO 1996 B164 Or.9
មជ្ឈមណ្ឌលឯការនៃសាកលវិទ្យាល័យភូមិន្ទកសិកម្មចំការដូង

Powered by Koha